Komparácia legislatívnych úprav druhého piliera dôchodkového zabezpečenia na Slovensku bakalárska práca

Salvato in:
Dettagli Bibliografici
Autore principale: Orthová, Adriana
Ente Autore: Fakulta hospodárskej informatiky EU. Katedra matematiky a aktuárstva
Altri autori: Mihalechová, Jana, 1988-
Natura: Libro
Lingua:slovacco
Pubblicazione: Bratislava 2015
Tags: Aggiungi Tag
Nessun Tag, puoi essere il primo ad aggiungerne!!

MARC

LEADER 00000nbm a2200000 4500
001 0204196
005 20161212115203.6
041 0 |a slo 
044 |a SK 
245 1 0 |a Komparácia legislatívnych úprav druhého piliera dôchodkového zabezpečenia na Slovensku  |b bakalárska práca  |c Adriana Orthová ; školiteľ: Jana Mihalechová 
264 1 |a Bratislava  |c 2015 
300 |a 43 s. 
100 1 |a Orthová, Adriana 
700 1 |a Mihalechová, Jana, 1988- 
710 2 |a Fakulta hospodárskej informatiky EU. Katedra matematiky a aktuárstva